[Event "RUS-Cup"]
[Site "Krasnoyarsk"]
[Date "1998.??.??"]
[Round "1"]
[White "Ariskin, Alexey"]
[Black "Landa, Konstantin"]
[Result "0-1"]
[WhiteElo "2335"]
[BlackElo "2505"]
[PlyCount "34"]
[EventDate "1998.??.??"]
[EventType "swiss"]
[EventRounds "9"]
[EventCountry "RUS"]
[SourceTitle "EXT 2000"]
[Source "ChessBase"]
[SourceDate "1999.11.16"]
[SourceVersion "1"]
[SourceVersionDate "1999.11.16"]
[SourceQuality "1"]

1. e4 c5 2. Nf3 e6 3. d4 cxd4 4. Nxd4 a6 5. c4 Nf6 6. Bd3 Nc6 7. Nxc6 dxc6 8. 0-0 e5 9. Nc3 Bc5 10. h3 Nd7 11. Qe2 Bd4 12. Nd1 Nc5 13. Bc2 Qh4 14. Be3 Ne6 15. Qg4 Qf6 16. Qf5 Qe7 17. Qf3 0-0 0-1

[Event "RUS-Cup02"]
[Site "Moscow"]
[Date "1998.??.??"]
[Round "6"]
[White "Ariskin, Alexey"]
[Black "Vokarev, Sergey"]
[Result "1/2-1/2"]
[WhiteElo "2335"]
[BlackElo "2485"]
[PlyCount "113"]
[EventDate "1998.01.21"]
[EventType "swiss"]
[EventRounds "9"]
[EventCountry "RUS"]
[SourceTitle "EXT 1999"]
[Source "ChessBase"]
[SourceDate "1998.11.16"]
[SourceVersion "1"]
[SourceVersionDate "1998.11.16"]
[SourceQuality "1"]

1. e4 c5 2. Nf3 Nc6 3. d4 cxd4 4. Nxd4 g6 5. Nc3 Bg7 6. Be3 Nf6 7. Bc4 Qa5 8. f3 Qb4 9. Nxc6 bxc6 10. Bb3 d5 11. Qd4 Qxd4 12. Bxd4 e6 13. 0-0 0-0 14. Rfe1 Bb7 15. Rad1 Rfd8 16. Na4 Nd7 17. Bxg7 Kxg7 18. Rd2 Kf8 19. Kf2 Ba6 20. Red1 Ke7 21. Re1 Kf6 22. Red1 Ke7 23. Re1 Bb7 24. Rdd1 Rac8 25. c4 dxe4 26. Rxe4 c5 27. Re2 Bc6 28. Nc3 Nb6 29. Red2 Rxd2+ 30. Rxd2 a5 31. a3 Rb8 32. Ba2 g5 33. b3 f5 34. Nd1 Nd7 35. Nb2 Ne5 36. Nd3 Rd8 37. Ke2 Nxd3 38. Rxd3 Rxd3 39. Kxd3 e5 40. Kc3 Kd6 41. b4 axb4+ 42. axb4 g4 43. fxg4 f4 44. bxc5+ Kxc5 45. g3 f3 46. Kd3 Kb4 47. c5 Kxc5 48. g5 Bd5 49. Bxd5 Kxd5 50. h4 e4+ 51. Ke3 Ke5 52. g4 Kd5 53. h5 Ke6 54. g6 hxg6 55. h6 Kf6 56. g5+ Kf7 57. Kf2 1/2-1/2

[Event "RUS-ch sf"]
[Site "Kstovo"]
[Date "1998.??.??"]
[Round "8"]
[White "Mashinskaya, Iulia"]
[Black "Ariskin, Alexey"]
[Result "1/2-1/2"]
[WhiteElo "2370"]
[BlackElo "2335"]
[PlyCount "122"]
[EventDate "1998.??.??"]
[EventType "swiss"]
[EventRounds "9"]
[EventCountry "RUS"]
[SourceTitle "EXT 2000"]
[Source "ChessBase"]
[SourceDate "1999.11.16"]
[SourceVersion "1"]
[SourceVersionDate "1999.11.16"]
[SourceQuality "1"]

1. e4 c5 2. Nf3 e6 3. d3 d5 4. Qe2 Nf6 5. g3 Be7 6. Bg2 0-0 7. 0-0 Nc6 8. e5 Nd7 9. c4 Re8 10. h4 Nf8 11. Nc3 b6 12. h5 Bb7 13. Bf4 Qd7 14. Rad1 Rad8 15. Rfe1 a6 16. Bh3 dxc4 17. dxc4 Nd4 18. Nxd4 cxd4 19. Ne4 h6 20. Qg4 Kh7 21. Bf1 f5 22. exf6 gxf6 23. Bd3 f5 24. Be5 fxg4 25. Nf6+ Kg7 26. Nxd7+ Kf7 27. Nxf8 Rxf8 28. Bg6+ Kg8 29. Be4 Bxe4 30. Rxe4 d3 31. Rxg4+ Kf7 32. Rd4 Bc5 33. R4xd3 Rxd3 34. Rxd3 Ke7 35. Bd4 Rf5 36. g4 Rf4 37. Bxc5+ bxc5 38. f3 Rxc4 39. Rc3 Rd4 40. Rxc5 Rd2 41. Ra5 Rxb2 42. Rxa6 Kf6 43. a4 Ke5 44. a5 Ra2 45. g5 hxg5 46. h6 Kf4 47. Rxe6 Rxa5 48. h7 Ra8 49. Rh6 Rh8 50. Kg2 g4 51. Rh4 Kf5 52. fxg4+ Kg6 53. Rh5 Rxh7 54. Ra5 Rb7 55. Kg3 Rb6 56. Kh4 Rc6 57. Rg5+ Kh6 58. Rg8 Kh7 59. Ra8 Kg6 60. Rd8 Rb6 61. Rg8+ Kh7 1/2-1/2